| 000 | 00389nam a2200133Ia 4500 | ||
|---|---|---|---|
| 008 | 220216s9999 xx 000 0 und d | ||
| 100 | _aSoong N K | ||
| 245 | 0 | _aUse of NR emulsions for stabilising sandy soils | |
| 260 | _bProceedings of the RRIM Planters Conference, Kuala Lumpur, 1974; p127-137 | ||
| 650 | _aNR emulsion | ||
| 650 | _aSandy soils | ||
| 700 | _aYeong C S | ||
| 942 | _cJS | ||
| 999 |
_c71880 _d71880 |
||